| 000 | 00772 a2200181 4500 | ||
|---|---|---|---|
| 008 | 110620t xxu||||| |||| 00| 0 eng d | ||
| 020 | _a9966289704 | ||
| 050 |
_aHF5548.32 _b.S25 1988 |
||
| 100 | _aSaleemi,Nisar Ahmad | ||
| 245 |
_aCommerce: _bsimplified/ _cNisar Ahmad Saleemi |
||
| 250 | _arev.ed. | ||
| 260 |
_bSaleemi publications _c1988 _aNairobi. |
||
| 300 |
_a511 p. _c21 cm. |
||
| 650 | _aCommerce | ||
| 942 |
_cBK _2lcc |
||
| 999 |
_c38190 _d38190 |
||